Quick Pick: NASA Manned Missions Quiz Stats

 Plays Quiz Updated Sep 23, 2016

Challenge
Share
Tweet
Embed
Score 0/8 Timer 00:30
2 Plays Today
% Correct
Apollo
97.1%
International Space Station
85.9%
Space Shuttle
84.5%
Gemini
79.8%
Mercury
72.3%
Skylab
68.8%
Apollo-Soyuz
62%
Shuttle-Mir
61.6%

Today's Daily Dose

Missing Word
Bible Verses

Quick Pick
Brad Pitt Roles

On This Day
July 21st II

You're not logged in!

Compare scores with friends on all Sporcle quizzes.
Join for Free
OR
Log In

You Might Also Like...

Show Comments

Extras

Top Quizzes Today


Score Distribution

Your Account Isn't Verified!

In order to create a playlist on Sporcle, you need to verify the email address you used during registration. Go to your Sporcle Settings to finish the process.

Report this User

Report this user for behavior that violates our Community Guidelines.

Details: